Liverpool - najdroższe transfery - Statystyki

Ogólne statystyki
  • Ten quiz został rozwiązany 334 razy
  • Średni wynik to 17 z 20
Statystyki odpowiedzi
Sezon Kwota Klub sprzedający Narodowość Pozycja Zawodnik % Poprawnych
25/26 125 mln € Bayer Leverkusen Niemcy of. pomocnik Florian Wirtz
98%
18/19 62,50 mln € AS Roma Brazylia bramkarz Alisson
96%
17/18 42 mln € AS Roma Egipt p. napastnik Mohamed Salah
95%
17/18 84,65 mln € Southampton Holandia/Surinam ś. obrońca Virgil van Dijk
95%
22/23 85 mln € Benfica Lizbona Urugwaj ś. napastnik Darwin Núñez
92%
23/24 70 mln € RB Lipsk Węgry of. pomocnik Dominik Szoboszlai
90%
16/17 41,20 mln € Southampton Senegal l. napastnik Sadio Mané
90%
25/26 40 mln € Bayer Leverkusen Holandia/Ghana p. obrońca Jeremie Frimpong
88%
21/22 54 mln € Porto Kolumbia l. napastnik Luis Díaz
88%
20/21 44,70 mln € Wolverhampton Portugalia ś. napastnik Diogo Jota
86%
23/24 42 mln € Brighton Argentyna/Włochy ś. pomocnik Alexis Mac Allister
85%
25/26 46,90 mln € Bournemouth Węgry/Serbia l. obrońca Milos Kerkez
85%
21/22 40 mln € RB Lipsk Francja/Mali ś. obrońca Ibrahima Konaté
84%
15/16 41 mln € Hoffenheim Brazylia ś. napastnik Roberto Firmino
81%
22/23 42 mln € PSV Eindhoven Holandia/Togo l. napastnik Cody Gakpo
80%
18/19 45 mln € Monaco Brazylia def. pomocnik Fabinho
79%
23/24 40 mln € Bayern Monachium Holandia/Surinam def. pomocnik Ryan Gravenberch
77%
18/19 60 mln € RB Lipsk Gwinea ś. pomocnik Naby Keïta
76%
15/16 46,50 mln € Aston Villa Belgia/DR Konga ś. napastnik Christian Benteke
52%
10/11 41 mln € Newcastle United Anglia ś. napastnik Andy Carroll
33%
Nie znaleziono quizów pasujących do podanych kryteriów
Rozkład punktacji
Procent ludzi z każdym wynikiem
Percentyl według liczby udzielonych odpowiedzi
Twoja historia wyników
Nie rozwiązałeś tego quizu